000 00506nam a2200169Ia 4500
003 IN-BaIIA
008 211028s9999 xx s 000 0 eng d
020 _a9780819441447 (Print)
020 _a9781510608047 (Online)
040 _cIIA Library
100 _aCompton, Kenneth
_940976
245 0 _aImage Performance in CRT Displays
_h[eBook]
260 _aWashington, USA
_bSPIE
_c2003
300 _aOnline resource
856 _uhttps://doi.org/10.1117/3.2265079
_yClick Here to Access eBook
942 _cEB
999 _c22286
_d22286